[Event "Independence Cup A"]
[Site "Kyiv UKR"]
[Date "2008.08.13"]
[Round "10"]
[White "Borzov,D"]
[Black "Majboroda,E"]
[Result "1-0"]
[WhiteElo "2215"]
[BlackElo "2004"]

1.d4 f5 2.Nf3 Nf6 3.g3 g6 4.Bg2 Bg7 5.O-O O-O 6.c4 d6 7.Nc3 Qe8 8.d5 a5 9.Rb1 Na6
10.Nd4 Bd7 11.b3 c6 12.e4 fxe4 13.Nxe4 Nxe4 14.Bxe4 Nc7 15.Bb2 c5 16.Nc2 Bxb2
17.Rxb2 b5 18.Ne3 Rb8 19.Re2 a4 20.Qd3 Na6 21.h4 Nb4 22.Qd2 axb3 23.axb3 Qf7
24.Ng2 Qg7 25.Nf4 Ra8 26.Bb1 bxc4 27.bxc4 Ra1 28.Rfe1 Rf7 29.h5 g5 30.Ne6 Bxe6
31.Rxe6 Kf8 32.Qe3 Ra8 33.Kg2 Ra6 34.h6 Qd4 35.Rxe7 Qxe3 36.Rxf7+ Kxf7 37.Rxe3  1-0

[Event "Open A"]
[Site "Vladimir RUS"]
[Date "2008.08.15"]
[Round "4"]
[White "Popov,Val"]
[Black "Kovalenko,I"]
[Result "1/2-1/2"]
[WhiteElo "2524"]
[BlackElo "2415"]

1.Nf3 f5 2.c4 Nf6 3.g3 g6 4.Bg2 Bg7 5.O-O O-O 6.d4 d6 7.Nc3 Nc6 8.d5 Na5
9.Qa4 b6 10.Qc2 Bd7 11.b3 c5 12.dxc6 Nxc6 13.Bb2 Rc8 14.Rac1 Qe8 15.Rfe1 h6
16.Qd2 g5 17.e4 f4  1/2-1/2

[Event "BDO Challenger"]
[Site "Haarlem NED"]
[Date "2008.08.17"]
[Round "9"]
[White "Klein,Da"]
[Black "Rombaldoni,An"]
[Result "1-0"]
[WhiteElo "2135"]
[BlackElo "2219"]

1.Nf3 f5 2.g3 Nf6 3.Bg2 g6 4.O-O Bg7 5.d4 O-O 6.c4 d6 7.Nc3 c6 8.d5 e5 9.dxe6 Bxe6
10.Qd3 Qe7 11.Bf4 d5 12.cxd5 Nxd5 13.Be5 Rd8 14.Rad1 Na6 15.Bxg7 Kxg7 16.Nd4 Ndc7
17.Qe3 Qf6 18.Nxe6+ Nxe6 19.Rxd8 Nxd8 20.Rd1 Qf7 21.Rd6 Kf8 22.Qe5 Qg7 23.Qe3 Nc7
24.Qd2 Nf7 25.Rd7 Rc8 26.Qe3 Qf6 27.Qxa7 Ke8 28.Rd1 Nd6 29.e4 Rd8 30.Re1 Qe5
31.f4 Qe7 32.Qf2 Ne6 33.exf5 gxf5 34.Qe2 Kf7 35.Qh5+ Kg7 36.Rxe6 Qxe6 37.Qg5+ Kf7
38.Qxd8 Qe3+ 39.Kf1 Qc1+ 40.Ke2 Qc2+ 41.Ke1 Qc1+ 42.Nd1 Qc5 43.Qd7+ Kf8 44.Qe6 Nb5
45.Qc8+  1-0

[Event "23rd Open"]
[Site "Schwarzach AUT"]
[Date "2008.08.18"]
[Round "3"]
[White "Zoebisch,H"]
[Black "Semcesen,D"]
[Result "0-1"]
[WhiteElo "2133"]
[BlackElo "2387"]

1.d4 f5 2.g3 Nf6 3.Bg2 g6 4.Nf3 Bg7 5.c4 O-O 6.O-O d6 7.Nc3 c6 8.d5 Bd7 9.Rb1 Na6
10.b3 Qe8 11.Bb2 h6 12.Nd2 Qf7 13.a3 Rac8 14.e3 g5 15.f4 Ng4 16.Qe2 e5 17.h3 Nf6
18.fxe5 dxe5 19.e4 Nh5 20.Rf3 f4 21.g4 Ng3 22.Qf2 h5 23.Rxg3 fxg3 24.Qxg3 hxg4
25.hxg4 Qf4 26.Qxf4 Rxf4 27.Ne2 Rxg4 28.Nf1 Nc5 29.Ne3 Rh4 30.Ng3 Re8 31.Bc3 Nd3
32.Rd1 Nf4 33.Be1 Rf8 34.Ngf5 Nxg2  0-1

[Event "5th DA Tan Malaysian Open"]
[Site "Kuala Lumpur MAS"]
[Date "2008.08.19"]
[Round "3"]
[White "Goldenberg,I"]
[Black "Castellano,Christo"]
[Result "1-0"]
[WhiteElo "2386"]
[BlackElo "2249"]

1.c4 f5 2.Nf3 Nf6 3.g3 g6 4.Bg2 Bg7 5.O-O O-O 6.d4 d6 7.Nc3 c6 8.d5 Na6 9.dxc6 bxc6
10.Nd4 Qc7 11.Nxc6 Be6 12.Nd5 Nxd5 13.cxd5 Bf7 14.Bg5 Nc5 15.Qd2 Rae8 16.Rac1 Qd7
17.Be3 Ne4 18.Bxe4 fxe4 19.Bxa7 Qf5 20.Rfd1 g5 21.Be3 Bh5 22.Bxg5 Bf3 23.exf3 exf3
24.Kh1 Bf6 25.Bh6 Rf7 26.Rg1 Qg4 27.Rce1 Kh8 28.Be3 Rg8 29.Bd4 Rg5 30.Qf4 Qh5
31.Qh4 Qg6 32.Nxe7 Qg7 33.Nc6 Be5 34.Bxe5 dxe5 35.Nd8  1-0

[Event "U16 Olympiad"]
[Site "Mersin TUR"]
[Date "2008.08.20"]
[Round "6"]
[White "Tulay,S"]
[Black "Kottahachchy,K"]
[Result "0-1"]
[WhiteElo "1788"]
[BlackElo "1967"]

1.d4 f5 2.g3 Nf6 3.Bg2 g6 4.Nf3 Bg7 5.O-O O-O 6.c4 d6 7.Nc3 Qe8 8.d5 Na6
9.Rb1 c5 10.Re1 Rb8 11.Bd2 Nc7 12.a4 h6 13.h4 Qf7 14.Rf1 Bd7 15.Ne1 e5 16.dxe6 Bxe6
17.Bf4 Rfd8 18.b3 Nh5 19.Nd5 Bxd5 20.Bxd5 Nxd5 21.Qxd5 Qxd5 22.cxd5 Nxf4
23.gxf4 Bf6 24.Nf3 b5 25.Rfc1 a5 26.h5 g5 27.fxg5 hxg5 28.Kg2 Kg7 29.Rh1 Kh6
30.Nd2 Bc3 31.Nf3 bxa4 32.bxa4 Bf6 33.Rhc1 Rb4 34.e3 Rxa4 35.Re1 Kxh5 36.Re2 Rb4  0-1

[Event "Independence Cup A"]
[Site "Kyiv UKR"]
[Date "2008.08.21"]
[Round "9"]
[White "Shankovsky,A"]
[Black "Khaetsky,R"]
[Result "1/2-1/2"]
[WhiteElo "2265"]
[BlackElo "2400"]

1.Nf3 f5 2.d4 Nf6 3.g3 g6 4.Bg2 Bg7 5.O-O O-O 6.c4 d6 7.Nc3 Qe8 8.d5 a5 9.Be3 Na6
10.Qd2 Bd7 11.Rae1 Ng4 12.Bd4 Ne5 13.b3 b6 14.e4 f4 15.Ne2 Bg4 16.Qc3 Nc5
17.Bxe5 dxe5 18.gxf4 exf4 19.e5 g5 20.Ned4 Qh5 21.Nd2 f3 22.N4xf3 Rf4 23.Nd4 Raf8
24.Qe3 Bf5 25.Ne2 Bd3 26.Nxf4 gxf4 27.Qh3 Qxh3 28.Bxh3 Bxf1 29.Bxf1 f3 30.Ne4 Rf5
31.Nd2 Bh6 32.Nb1 Bf4 33.e6 Rg5+ 34.Kh1 Rh5 35.h3 Nd3 36.Bxd3 Rxh3+ 37.Kg1 Bh2+
38.Kf1  1/2-1/2

[Event "44th Rubinstein Mem Open A"]
[Site "Polanica Zdroj POL"]
[Date "2008.08.21"]
[Round "3"]
[White "Scibior,A"]
[Black "Majdan,J"]
[Result "1/2-1/2"]
[WhiteElo "2157"]
[BlackElo "2323"]

1.Nf3 g6 2.c4 Bg7 3.d4 f5 4.g3 Nf6 5.Bg2 O-O 6.O-O d6 7.Nc3 e6 8.Qc2 Nc6
9.e4 fxe4 10.Nxe4 Nxe4 11.Qxe4 e5 12.dxe5 dxe5 13.Ng5 Qe7 14.Be3 Kh8 15.Qh4 h6
16.Nf3 Qxh4 17.Nxh4 Rf6 18.Be4 g5 19.Ng6+ Kg8 20.Bxc6 Rxg6 21.Be4 Rd6 22.c5 Rf6
23.Rfd1 c6 24.b4 a5 25.a3 Bg4 26.Rdb1 Be2 27.bxa5 Rf7 28.Rb2 Bb5 29.a4 Ba6
30.Rd1 Bf8 31.Rbd2 Bc4 32.Rd7 Rxa5 33.Rxf7 Kxf7 34.Rd7+ Ke6 35.Rxb7 Rxa4
36.Bxc6 Ra1+ 37.Kg2 g4 38.Bd7+ Kd5 39.Bb5 Ba2 40.Bd3 Ke6 41.Rb6+ Kf7 42.Bg6+ Ke7
43.Be4 Bc4 44.Rb1 Rxb1 45.Bxb1 Bd5+ 46.Kf1 Ke6 47.Bd3 Be7 48.Ba6 Kd7 49.Bb5+ Kc7
50.Ke2 Bf3+ 51.Kd3 h5 52.Be8 h4 53.gxh4 Bxh4 54.Kc4 Be7 55.Kb4 Bd5 56.Kb5 Be4
57.c6 Bd3+ 58.Ka5 Bf5 59.Bb6+ Kc8 60.Bf7 Bd6 61.Bc4 e4 62.Ba6+ Kb8 63.Bd8 Be5
64.Kb6 Bd4+ 65.Kb5 Bxf2 66.c7+ Ka7 67.c8=Q Bxc8 68.Bxc8 g3 69.hxg3 Bxg3  1/2-1/2

[Event "44th Rubinstein Mem Open A"]
[Site "Polanica Zdroj POL"]
[Date "2008.08.22"]
[Round "4"]
[White "Zmarzly,A"]
[Black "Gosciniak,M"]
[Result "0-1"]
[WhiteElo "1929"]
[BlackElo "2096"]

1.d4 f5 2.c4 Nf6 3.Nf3 g6 4.g3 Bg7 5.Bg2 O-O 6.O-O d6 7.Nc3 e6 8.Qc2 Nc6
9.Rd1 Qe7 10.a3 e5 11.dxe5 dxe5 12.e4 fxe4 13.Nxe4 Bf5 14.Nxf6+ Qxf6 15.Qb3 Bg4
16.c5+ Kh8 17.Bg5 Qf5 18.Rd3 Bxf3 19.Rxf3 Qxg5 20.Qxb7 Nd4 21.Rxf8+ Rxf8
22.Qxc7 Ne2+ 23.Kh1 h5 24.Qxa7 h4 25.c6 hxg3 26.fxg3 e4 27.Bxe4 Bd4 28.Qc7 Nc1
29.Bg2 Qe3  0-1

[Event "1st Dragon Capital Vietnam Open"]
[Site "Vung Tau VIE"]
[Date "2008.08.28"]
[Round "3"]
[White "Le Quang Long"]
[Black "Dzhumaev,M"]
[Result "1-0"]
[WhiteElo "2226"]
[BlackElo "2549"]

1.d4 f5 2.g3 Nf6 3.Bg2 g6 4.Nf3 Bg7 5.O-O O-O 6.c4 d6 7.Nc3 Qe8 8.d5 Na6
9.Rb1 Bd7 10.b4 c6 11.dxc6 bxc6 12.a3 Ng4 13.Bb2 f4 14.Ne4 Bxb2 15.Rxb2 fxg3
16.hxg3 Qf7 17.b5 Nc7 18.c5 d5 19.bxc6 Bxc6 20.Nd4 dxe4 21.Nxc6 Qf6 22.Qb3+ Kh8
23.Bxe4 Ne3 24.Qxe3 Qxb2 25.Rb1 Qf6 26.Rb7 Ne6 27.Nxe7 Ng5 28.Nd5 Qa1+ 29.Kg2 Nf7
30.Nc3 Rad8 31.Bd5 Rde8 32.Qd4+ Ne5 33.Bf3 Qxa3 34.Qh4 Rf7 35.Rxf7 Nxf7 36.Qf6+ Kg8
37.Bd5 Rf8 38.Ne4 Qa4 39.Nd6 Qd7 40.c6  1-0

[Event "1st Dragon Capital Vietnam Open"]
[Site "Vung Tau VIE"]
[Date "2008.08.31"]
[Round "8"]
[White "Nguyen Thi Mai Hung"]
[Black "Attwood,J"]
[Result "1-0"]
[WhiteElo "2158"]
[BlackElo "2069"]

1.d4 f5 2.g3 Nf6 3.Bg2 g6 4.Nf3 Bg7 5.O-O O-O 6.c4 d6 7.Nc3 Qe8 8.d5 a5 9.Rb1 Na6
10.a3 Nc5 11.b4 Nfe4 12.Nb5 Na6 13.Bb2 e5 14.dxe6 Qxe6 15.Bxg7 Kxg7 16.Qd3 axb4
17.axb4 Qf6 18.Qd4 c5 19.Qxf6+ Kxf6 20.bxc5 dxc5 21.Rfc1 Nb4 22.Rb2 Rd8 23.Ne1 Be6
24.Nc7 Ra3 25.Nxe6 Kxe6 26.Bxe4 fxe4 27.h4 Kf5 28.Ng2 Rda8 29.Ne3+ Ke6 30.Rd1 Ra1
31.Rd2 Rxd1+ 32.Rxd1 Ra2 33.Rd8 Ke7 34.Rb8 Rxe2 35.Rxb7+ Ke6 36.Rxh7 Nd3
37.Nd5 Ke5 38.Rf7 Kd4 39.Nb6 Ne5 40.Rf6 Re1+ 41.Kg2 Kd3 42.Rd6+ Ke2 43.Nd5 Rc1
44.Nf4+ Ke1 45.Re6 Nxc4 46.Nd3+ Kd2 47.Nxc1 Kxc1 48.Rc6  1-0

[Event "DMP Ekstraliga"]
[Site "Karpacz POL"]
[Date "2008.09.12"]
[Round "7"]
[White "Ksieski,Z"]
[Black "Bartel,Mat"]
[Result "1/2-1/2"]
[WhiteElo "2424"]
[BlackElo "2579"]

1.Nf3 f5 2.d4 g6 3.g3 Bg7 4.Bg2 Nf6 5.O-O O-O 6.c4 c6 7.Nc3 Na6 8.Rb1 Ne4
9.Nd2 d5 10.cxd5 cxd5 11.Qb3 e6 12.Ndxe4 fxe4 13.Be3 b5 14.f3 b4 15.Nd1 exf3
16.Rxf3 Rxf3 17.Bxf3 Bd7 18.Nf2 Qa5 19.a3 Ba4 20.Qd3 Rc8 21.Ra1 Qb5 22.Bg4 Qb6
23.Bf4 Rc6 24.e3 Bc2 25.Qe2 b3 26.Nd3 h5 27.Bf3 Rc8 28.Rc1 Kh7 29.Ne1  1/2-1/2

[Event "4th ch-EU"]
[Site "Liverpool ENG"]
[Date "2008.09.13"]
[Round "5"]
[White "Groffen,H"]
[Black "Fraser Mitchell,J"]
[Result "1/2-1/2"]
[WhiteElo "2228"]
[BlackElo "2018"]

1.d4 f5 2.g3 Nf6 3.Bg2 g6 4.Nf3 Bg7 5.O-O O-O 6.c4 d6 7.Nc3 Qe8 8.d5 a5 9.Ne1 Na6
10.Nd3 Bd7 11.Bd2 Rb8 12.Rb1 Qf7 13.b3 c6 14.dxc6 bxc6 15.Na4 c5 16.Nc3 a4
17.Nxa4 Bxa4 18.bxa4 Qxc4 19.Rxb8 Rxb8 20.Bg5 Nc7 21.Nf4 Kf8 22.Bxf6 Bxf6
23.Qd2 Qxa4 24.h4 Rb2 25.Qe3 Qxa2 26.h5 g5 27.Nh3 Rxe2 28.Qd3 Qc2 29.Qa3 Qa2
30.Qd3 Qc2 31.Qa3 Qa2  1/2-1/2

[Event "Liga Nacional Ajedrez"]
[Site "Villa Martelli ARG"]
[Date "2008.09.13"]
[Round "6"]
[White "Caramia,J"]
[Black "Blit,J"]
[Result "0-1"]
[WhiteElo "2159"]
[BlackElo "2322"]

1.Nf3 g6 2.d4 f5 3.g3 Nf6 4.Bg2 Bg7 5.O-O O-O 6.c4 d6 7.Nc3 Qe8 8.b3 e5 9.dxe5 Ng4
10.h3 Nxe5 11.Qd2 Nbc6 12.Bb2 Nxf3+ 13.exf3 f4 14.Nd5 Bxb2 15.Qxb2 Qd8 16.Nxf4 Rxf4
17.gxf4 Qh4 18.Qd2 Bxh3 19.Qd5+ Kg7 20.Qg5 Qxg5 21.fxg5 Bxg2 22.Kxg2 Rf8
23.f4 Rxf4 24.Kg3 Rf5 25.f4 Ne7 26.Rfe1 Rf7 27.Re4 Nf5+ 28.Kf3 c6 29.Rd1 Rf8
30.b4 Rd8 31.a4 h5 32.a5 Kf7 33.Ree1 a6 34.Re2 Ra8 35.Rb2 Ke6 36.Re1+ Kd7
37.Kf2 Nd4 38.Re4 Nf5 39.Rbe2 Rg8 40.Re6 Rg7 41.Rf6 h4 42.Ree6 h3 43.Rxg6 Rxg6
44.Rxg6 h2 45.Kg2 Nh4+ 46.Kxh2 Nxg6 47.Kg3 Ke6 48.Kg4 Ne7  0-1

[Event "Chess City 10th Ann Open"]
[Site "Elista RUS"]
[Date "2008.09.19"]
[Round "6"]
[White "Utnasunov,A"]
[Black "Tkachenko,G"]
[Result "1-0"]
[WhiteElo "2447"]
[BlackElo "2284"]

1.d4 f5 2.Nf3 Nf6 3.g3 g6 4.Bg2 Bg7 5.O-O O-O 6.c4 c6 7.Nc3 d6 8.Re1 Na6
9.b3 Qa5 10.Bd2 Qc7 11.e4 fxe4 12.Nxe4 Nxe4 13.Rxe4 Bf5 14.Re3 Rae8 15.Bc3 e5
16.dxe5 dxe5 17.Qe1 e4 18.Bxg7 Qxg7 19.Ng5 Nc5 20.Rd1 Qe7 21.h4 h6 22.Nxe4 Bxe4
23.Bxe4 Nxe4 24.Rd4 Qf6 25.Rdxe4 Rxe4 26.Rxe4 Rf7 27.Qe3 Qa1+ 28.Kg2 Qxa2
29.Re8+ Kh7 30.Qd4 Rg7 31.Qd8 Rf7 32.Rh8+ Kg7 33.Qd4+ Rf6 34.Rd8  1-0

[Event "EYb18"]
[Site "Herceg Novi MNE"]
[Date "2008.09.23"]
[Round "8"]
[White "Matsenko,S"]
[Black "Gutenev,A"]
[Result "1-0"]
[WhiteElo "2440"]
[BlackElo "2280"]

1.d4 f5 2.g3 Nf6 3.Bg2 g6 4.Nf3 Bg7 5.O-O O-O 6.c4 d6 7.Nc3 Qe8 8.d5 a5 9.Rb1 Na6
10.b3 Bd7 11.Bb2 c6 12.Nd4 Nc5 13.a3 e5 14.dxe6 Bxe6 15.Nxe6 Qxe6 16.Qc2 Rfe8
17.Rfd1 Rad8 18.e3 Nfe4 19.Nxe4 Nxe4 20.Bxg7 Kxg7 21.Rd4 Qe5 22.Rbd1 Ng5
23.Qd2 Nf7 24.h3 Kf8 25.Kh2 Re7 26.Re1 Rde8 27.b4 axb4 28.axb4 Ra8 29.f4 Qf6
30.b5 Rc8 31.bxc6 bxc6 32.Rb1 Qe6 33.Rb3 Rec7 34.Qc2 Re8 35.Rdd3 Ra8 36.Ra3 Qe8
37.Qb2 Rb8 38.Rdb3 Rd8 39.Ra5 Qe6 40.Qd4 Qe8 41.Rb6 Ra8 42.Raa6 Qc8 43.Qa1 Rxa6
44.Rxa6 Qd7 45.Qd4 Qc8 46.Rb6 Qd7 47.e4 fxe4 48.Qxe4 Nd8 49.Qd4 Kg8 50.Qf6 Rc8
51.h4 Ra8 52.Rxc6 Qxc6 53.Bxc6 Nxc6 54.Qxd6  1-0

[Event "Podillya It"]
[Site "Khmelnitsky UKR"]
[Date "2008.10.02"]
[Round "10"]
[White "Nechaev,An"]
[Black "Firman,N"]
[Result "0-1"]
[WhiteElo "2394"]
[BlackElo "2525"]

1.d4 f5 2.g3 Nf6 3.Bg2 g6 4.Nf3 Bg7 5.O-O O-O 6.c4 c6 7.b3 Ne4 8.Bb2 d5 9.Nbd2 Be6
10.Rc1 Nd7 11.e3 h6 12.Qe2 a5 13.Ne1 a4 14.Nd3 axb3 15.axb3 Qb6 16.c5 Qb5
17.b4 b6 18.f3 Ra2 19.Nb1 bxc5 20.fxe4 dxe4 21.Nc3 exd3 22.Qf2 Rxb2 23.Qxb2 Qb8
24.dxc5 Nxc5 25.Qa3 Nb3 26.Rb1 Nd2 27.Na4 Nxb1 28.Rxb1 Qa7  0-1

[Event "Chigorin Memorial"]
[Site "St Petersburg RUS"]
[Date "2008.10.07"]
[Round "5"]
[White "Gorovykh,E"]
[Black "Konenkin,D"]
[Result "1/2-1/2"]
[WhiteElo "2390"]
[BlackElo "2296"]

1.d4 f5 2.c4 Nf6 3.Nf3 g6 4.g3 Bg7 5.Bg2 O-O 6.O-O d6 7.Nc3 Qe8 8.d5 Na6
9.Be3 Bd7 10.Qd2 Ng4 11.Bf4 Nc5 12.h3 Nf6 13.Bh6 Nfe4 14.Nxe4 Nxe4 15.Qc1 Qf7
16.Bxg7 Qxg7 17.Nd2 Nxd2 18.Qxd2 c5 19.f4 b5 20.b3 Rfb8 21.Rab1 a5 22.cxb5 Rxb5
23.Rfe1 Rab8 24.Qd3 a4 25.Kh2  1/2-1/2

[Event "1st WMSG Blitz Pair"]
[Site "Beijing CHN"]
[Date "2008.10.08"]
[Round "2"]
[White "Adianto,U"]
[Black "Reinderman,D"]
[Result "0-1"]
[WhiteElo "2554"]
[BlackElo "2543"]

1.d4 f5 2.Nf3 Nf6 3.g3 g6 4.Bg2 Bg7 5.O-O O-O 6.c4 d6 7.Nc3 c6 8.d5 e5 9.dxe6 Bxe6
10.Bf4 Bxc4 11.Bxd6 Re8 12.Ne5 Be6 13.Ba3 Nbd7 14.Nxd7 Qxd7 15.Qc2 Rad8 16.Rfd1 Qf7
17.Rxd8 Rxd8 18.Rd1 Rxd1+ 19.Qxd1 Qd7 20.Qc2 Nd5 21.Nxd5 Bxd5 22.e4 fxe4
23.Bxe4 Bxe4 24.Qxe4 b6 25.Qc4+ Kh8 26.b3 c5 27.Bc1 h5 28.Be3 Kh7 29.Kg2 Bd4
30.Bf4 Qc6+ 31.f3 Kg7 32.Qe2 Qd7 33.a4 Kf7 34.Qe4 Bf6 35.h4 Qe7 36.Qc4+ Kg7
37.Kf1 Qd7 38.Ke2 Qh3 39.Qe4 Qg2+ 40.Kd1 Qf1+ 41.Kc2 Qf2+ 42.Kd3 Qf1+ 43.Qe2 Qb1+
44.Kc4 a6 45.Qd2 b5+ 46.axb5 axb5+ 47.Kxc5 Be7+ 48.Kc6 Qxb3 49.Be5+ Kf7 50.Qf4+ Ke6
51.Kb6 Qd5 52.Bb2 b4 53.Qe3+ Kf7 54.Qf4+ Ke8 55.Qe3 Kd7 56.Qf4 Bd8+ 57.Ka6 Qc6+
58.Ka7 Bb6+ 59.Ka6 Bc7+ 60.Ka7 Bxf4 61.gxf4 Qa4+ 62.Kb6 Qc2 63.Be5 Ke8  0-1

[Event "1st WMSG Blitz Pair"]
[Site "Beijing CHN"]
[Date "2008.10.08"]
[Round "5"]
[White "Houska,Jo"]
[Black "Hoang Thanh Trang"]
[Result "0-1"]
[WhiteElo "2399"]
[BlackElo "2483"]

1.d4 f5 2.g3 Nf6 3.Bg2 g6 4.c4 Bg7 5.Nf3 O-O 6.O-O d6 7.Nc3 Qe8 8.Nd5 Nxd5
9.cxd5 Nd7 10.Ng5 Nb6 11.a4 a5 12.Qb3 Bxd4 13.Bd2 h6 14.Ne6 Bxe6 15.dxe6 Ra7
16.Bxh6 Bg7 17.Bxg7 Kxg7 18.Qc3+ Rf6 19.Qxc7 Nxa4 20.Rxa4 Rxe6 21.Rxa5 Rxa5
22.Qxa5 Rxe2 23.Qc3+ e5 24.Qc7+ Kh6 25.Qxd6 Rxb2 26.Re1 e4 27.Qf6 Rb5 28.h4 Kh7
29.Rd1 Re5 30.Rd8 Re6 31.Qd4 Qxd8 32.Qxd8 Kg7 33.Qd7+ Kf6 34.Qxb7  0-1

[Event "South Bohemia Open"]
[Site "Cesky Krumlov CZE"]
[Date "2008.10.11"]
[Round "1"]
[White "Fagerstrom,B"]
[Black "Ruzicka,T"]
[Result "1-0"]
[WhiteElo "2132"]
[BlackElo "1773"]

1.d4 f5 2.g3 Nf6 3.Bg2 g6 4.Nf3 Bg7 5.O-O O-O 6.c4 d6 7.Nc3 c6 8.d5 cxd5
9.cxd5 Nbd7 10.Nd4 Nc5 11.f3 a6 12.Be3 Nh5 13.b4 e5 14.Nxf5 gxf5 15.bxc5 f4
16.Bf2 fxg3 17.hxg3 e4 18.Nxe4 Bxa1 19.Qxa1 dxc5 20.Bxc5 Rf7 21.Rd1 Qa5 22.Qe5 Ng7
23.Bd4 Bf5 24.Nd6 Qc7 25.Nxf5 Qxe5 26.Nh6+ Kf8 27.Bxe5 Rd7 28.Bh3 Rdd8 29.e4 Re8
30.Bd6+ Re7 31.Rc1 Rd8 32.Bxe7+ Kxe7 33.Rc7+ Kf6 34.Ng4+ Kg6 35.Ne5+ Kf6
36.f4 Rf8 37.Nd7+ Ke7 38.Nxf8+ Kxf8 39.Rxg7 Kxg7 40.Bc8  1-0

[Event "XV PRO AM Open"]
[Site "Villa Martelli ARG"]
[Date "2008.10.11"]
[Round "2"]
[White "Ligato,G"]
[Black "Di Benedetto,G"]
[Result "0-1"]
[WhiteElo "2049"]
[BlackElo "2312"]

1.d4 f5 2.Nf3 Nf6 3.g3 g6 4.Bg2 Bg7 5.O-O O-O 6.c4 d6 7.Nc3 Qe8 8.d5 Na6
9.Rb1 c5 10.dxc6 bxc6 11.b4 Bd7 12.b5 cxb5 13.cxb5 Nc5 14.Nd4 Rc8 15.Nd5 Nfe4
16.f3 Nf6 17.Nb4 Bxb5 18.Nxb5 Qxb5 19.Be3 Qd7 20.Nd5 Qe6 21.Nxf6+ Bxf6 22.Bxc5 Rxc5
23.Qb3 Qxb3 24.Rxb3 Rc2 25.f4 Rxe2 26.Rc1 Rxa2 27.Bd5+ Kg7 28.Rc7 Rd2 29.Bf3 a5
30.Kh1 a4 31.Rbb7 a3  0-1

[Event "24th ECC"]
[Site "Kallithea GRE"]
[Date "2008.10.18"]
[Round "2"]
[White "Meins,G"]
[Black "Sulyok,M"]
[Result "1/2-1/2"]
[WhiteElo "2460"]
[BlackElo "2227"]

1.d4 f5 2.g3 Nf6 3.Bg2 g6 4.Nf3 Bg7 5.O-O O-O 6.c4 d6 7.Nc3 Qe8 8.d5 a5 9.Nd4 Na6
10.b3 Bd7 11.Bb2 g5 12.e3 f4 13.exf4 gxf4 14.Qe2 Nc5 15.Ncb5 Rc8 16.Na7 Ra8
17.Nab5 Rc8 18.Na7 Ra8 19.Nab5  1/2-1/2

[Event "24th ECC"]
[Site "Kallithea GRE"]
[Date "2008.10.23"]
[Round "7"]
[White "Bator,R"]
[Black "Johannesson,I"]
[Result "1-0"]
[WhiteElo "2410"]
[BlackElo "2355"]

1.d4 f5 2.Nf3 Nf6 3.g3 g6 4.Bg2 Bg7 5.O-O O-O 6.c4 d6 7.Nc3 Qe8 8.Re1 Qf7
9.Qd3 Nc6 10.Ng5 Qe8 11.Nb5 Nb4 12.Qd1 Na6 13.d5 e5 14.dxe6 h6 15.Nh3 Qxe6
16.b3 Ne4 17.Rb1 g5 18.Bb2 Bxb2 19.Rxb2 c6 20.Nd4 Qe5 21.f3 Nf6 22.e3 Qe7
23.Nf2 d5 24.cxd5 Nxd5 25.e4 fxe4 26.fxe4 Ndc7 27.Rd2 Nc5 28.Nf5 Qh7 29.Qh5 Bxf5
30.exf5 Rad8 31.Rxd8 Rxd8 32.Ng4 Kf8 33.Nxh6 Rd6 34.Qxg5 Nd3 35.Re7 Qh8 36.Rf7+  1-0

[Event "WYCC Girls U18"]
[Site "Vung Tau City VIE"]
[Date "2008.10.24"]
[Round "6"]
[White "Golubenko,Valen"]
[Black "Gosciniak,M"]
[Result "1-0"]
[WhiteElo "2273"]
[BlackElo "2161"]

1.d4 f5 2.Nf3 Nf6 3.g3 g6 4.Bg2 Bg7 5.O-O O-O 6.c4 d6 7.Nc3 Qe8 8.d5 a5 9.e4 fxe4
10.Ng5 Na6 11.Ncxe4 Nxe4 12.Nxe4 c6 13.Re1 Qf7 14.Qe2 h6 15.Be3 cxd5 16.cxd5 Bd7
17.Qd2 Kh7 18.Qxa5 Bf5 19.Qd2 Bxe4 20.Bxe4 Nc5 21.Bg2 Nd7 22.Bd4 Nf6 23.Re2 h5
24.Rae1 Rae8 25.Bh3 Bh6 26.Qa5 Qg7 27.Bd7 Ra8 28.Qb5 Rf7 29.Qxb7 Qf8 30.Bc6 Rb8
31.Qa6 Ng4 32.Qd3 Bg7 33.f4 Rb4 34.Bxg7 Qxg7 35.Be8 e5 36.Bxf7 Qxf7 37.h3 Nh6
38.fxe5 dxe5 39.Rxe5 Nf5 40.d6 Qa7+ 41.Kf1  1-0

[Event "38th Olympiad"]
[Site "Dresden GER"]
[Date "2008.11.22"]
[Round "9"]
[White "Damaso,R"]
[Black "Hamad,Ah"]
[Result "1-0"]
[WhiteElo "2424"]
[BlackElo "2287"]

1.d4 f5 2.g3 Nf6 3.Bg2 g6 4.Nf3 Bg7 5.c4 O-O 6.O-O d6 7.Nc3 Qe8 8.b3 e5 9.dxe5 dxe5
10.Ba3 Rf7 11.Qc2 Nc6 12.Rad1 e4 13.Ng5 Rd7 14.Nd5 Nxd5 15.Rxd5 h6 16.Nh3 Ne7
17.Rxd7 Bxd7 18.f3 exf3 19.exf3 Bd4+ 20.Kh1 c5 21.Qd2 g5 22.Re1 Qd8 23.f4 g4
24.Nf2 Bc6 25.Nd3 Qd6 26.b4 Bxg2+ 27.Qxg2 Bc3 28.Qxb7 Rd8 29.Re3 Rd7 30.Qa8+ Kf7
31.bxc5 Qd4 32.c6 Qxe3 33.cxd7 Qxd3 34.Qe8+ Kg7 35.Qxe7+ Kg6 36.Qd6+  1-0

[Event "TCh-BEL 2008-9"]
[Site "Belgium BEL"]
[Date "2008.12.07"]
[Round "5"]
[White "Van der Stricht,G"]
[Black "Berelowitsch,A"]
[Result "1/2-1/2"]
[WhiteElo "2380"]
[BlackElo "2576"]

1.d4 f5 2.g3 Nf6 3.Bg2 g6 4.Nf3 Bg7 5.O-O O-O 6.c4 d6 7.Nc3 Qe8 8.Nd5 Nxd5
9.cxd5 a5 10.Ng5 h6 11.Ne6 Bxe6 12.dxe6 Qb5 13.e4 Nc6 14.Be3 Qxb2 15.Rb1 Qxa2
16.Rxb7 Ra7 17.Rxa7 Nxa7 18.exf5 gxf5 19.Qd3 a4 20.Bh3 Qxe6 21.Ra1 Nc8 22.Rxa4 Nb6
23.Ra5 d5 24.Qb5 Qg6 25.Bg2 e6 26.Ra7 Rc8 27.Qc6  1/2-1/2

[Event "III Open"]
[Site "Palma de Mallorca ESP"]
[Date "2008.12.07"]
[Round "2"]
[White "Roos,M GER"]
[Black "Cabrera,Ale"]
[Result "1/2-1/2"]
[WhiteElo "2367"]
[BlackElo "2507"]

1.d4 f5 2.g3 Nf6 3.Bg2 g6 4.Nf3 Bg7 5.O-O O-O 6.c4 d6 7.Nc3 Nc6 8.d5 Na5
9.Qd3 e5 10.dxe6 Bxe6 11.b3 Nc6 12.Bb2 Ne4 13.Rac1 a5 14.Ba1 Nb4 15.Qb1 Nxc3
16.Bxc3 Bxc3 17.Rxc3 Qf6 18.Rcc1 f4 19.a3 Nc6 20.Qe4 fxg3 21.hxg3 Rfe8 22.e3 Kg7
23.Qc2  1/2-1/2

[Event "III Open"]
[Site "Palma de Mallorca ESP"]
[Date "2008.12.12"]
[Round "7"]
[White "Estremera Panos,S"]
[Black "Mellado Trivino,J"]
[Result "1/2-1/2"]
[WhiteElo "2374"]
[BlackElo "2434"]

1.d4 f5 2.Nf3 Nf6 3.c4 g6 4.g3 Bg7 5.Bg2 O-O 6.O-O d6 7.Nc3 Nc6 8.d5 Na5
9.Qd3 e5 10.dxe6 Bxe6 11.b3 Nc6 12.Bb2  1/2-1/2

[Event "Masters"]
[Site "Berkeley USA"]
[Date "2008.12.16"]
[Round "3"]
[White "Zenyuk,I"]
[Black "Sarkar,J"]
[Result "0-1"]
[WhiteElo "2237"]
[BlackElo "2451"]

1.d4 f5 2.g3 Nf6 3.Bg2 g6 4.Nf3 Bg7 5.O-O O-O 6.c4 d6 7.b4 e5 8.Qb3 Kh8 9.Bb2 e4
10.Nfd2 d5 11.Nc3 Be6 12.cxd5 Nxd5 13.Nxd5 Bxd5 14.Qc3 Nc6 15.e3 Qd7 16.b5 Nd8
17.a4 Ne6 18.Nc4 c5 19.bxc6 Qxc6 20.Ne5 Qxc3 21.Bxc3 Rfc8 22.Rfc1 Bxe5 23.dxe5 Nc5
24.Bd4 Nb3 25.Rxc8+ Rxc8 26.Rd1 Nxd4 27.Rxd4 Rc5 28.g4 Kg7 29.Bh3 Be6 30.gxf5 gxf5
31.f4 exf3 32.Kf2 Rxe5 33.Kxf3 Re4 34.Bf1 Rxd4 35.exd4 Kf6 36.Kf4 Bd7 37.a5 Ke6
38.Bc4+ Kd6 39.Bg8 h6 40.h4 Be6 41.Bxe6 Kxe6 42.d5+ Kxd5 43.Kxf5 b5 44.axb6 axb6
45.h5 b5 46.Kg6 b4 47.Kxh6 b3 48.Kg7 b2 49.h6 b1=Q 50.h7 Qb7+ 51.Kg8 Ke6  0-1

[Event "4 Nations"]
[Site "Donostia ESP"]
[Date "2008.12.20"]
[Round "2"]
[White "Alonso Arburu,Ju"]
[Black "Philippe,C"]
[Result "1/2-1/2"]
[WhiteElo "2353"]
[BlackElo "2458"]

1.Nf3 f5 2.g3 Nf6 3.Bg2 g6 4.d4 Bg7 5.O-O O-O 6.c4 d6 7.Nc3 Qe8 8.d5 a5 9.Rb1 Na6
10.Be3 Bd7 11.b3 h6 12.Qc1 Kh7 13.Rd1 Ng4 14.Bd4 Qf7 15.e3 c5 16.dxc6 bxc6
17.Na4 e5 18.Bc3 e4 19.Ne1 d5 20.cxd5 cxd5 21.Bxg7 Qxg7 22.Nb6 Rab8 23.Nxd5 Ne5
24.Qa3 Nb4 25.Bf1 Bc6 26.Nf4 Qa7 27.Qb2 Qe7 28.a3 Nbd3 29.Nfxd3 exd3 30.Qc3 Ba8
31.Qxa5 Rfd8 32.Rbc1 Rd7 33.Rc5 Re8 34.Qc3 d2 35.Ng2 Bf3 36.Rxd2 Rxd2 37.Rxe5 Qxe5
38.Qxd2 Re7 39.Ne1 Bb7 40.a4 Rc7 41.a5 Qd5 42.Qxd5 Bxd5 43.Nd3 Bxb3 44.h4 Bd5
45.Nf4 Be4 46.Bg2 Bxg2 47.Kxg2 Ra7 48.Kf3 Rxa5 49.g4 fxg4+ 50.Kxg4 Kg7 51.e4 Kf6
52.f3 Ra1 53.Nd5+ Ke5 54.Kg3 Rg1+ 55.Kh2 Ra1 56.Kg3 Ke6 57.Nf4+ Kf6 58.Nd5+ Kf7
59.Nf4 Rb1 60.Nd5 Rb5 61.Kf4 Ra5 62.Kg4 Ra1 63.Kg3 Kg7 64.Nf4 g5 65.hxg5 hxg5
66.Nh3 Kg6 67.Nf2 Rg1+ 68.Kh2 Rc1 69.Kg3 Rb1 70.Ng4 Rb2 71.Ne5+ Kf6 72.Ng4+ Kg6
73.Ne5+ Kf6 74.Ng4+  1/2-1/2

[Event "8th Amplico AIG Life Rapid"]
[Site "Warsaw POL"]
[Date "2008.12.20"]
[Round "8"]
[White "Jankovic,A"]
[Black "Ruckschloss,K"]
[Result "1/2-1/2"]
[WhiteElo "2548"]
[BlackElo "2230"]

1.d4 f5 2.g3 Nf6 3.Bg2 g6 4.c4 Bg7 5.Nf3 O-O 6.O-O d6 7.Nc3 c6 8.d5 e5 9.dxe6 Bxe6
10.Qd3 Ng4 11.b3 Ne5 12.Qc2 Na6 13.Bb2 Qe7 14.Rad1 Rad8 15.Nd4 Bc8 16.Qc1 Nc5
17.h3 Ne6 18.Nxe6 Bxe6 19.Qe3 a6 20.f4 Nd7 21.Nd5 cxd5 22.Bxg7 Kxg7 23.cxd5 Rfe8
24.dxe6 Nc5 25.Bd5 b5 26.g4 Nxe6 27.g5 h6 28.h4 Nc5 29.Qd4+ Kh7 30.b4 Ne4
31.Kg2 Rc8 32.Rc1 Qg7 33.Qxg7+ Kxg7 34.Bb7 Rc3 35.Bxe4 Rxc1 36.Rxc1 Rxe4
37.Rc7+ Kh8 38.Kf3 hxg5 39.hxg5 Rxb4 40.Rc6 Ra4 41.Rxd6 Kg7  1/2-1/2